[Event "Nizhnij Novgorod-ch"]
[Site "Nizhnij Novgorod"]
[Date "2010.03.??"]
[Round "?"]
[White "Gavrilov, Nikolay S"]
[Black "Zuykov, Andrei V"]
[Result "1/2-1/2"]
[WhiteElo "2057"]
[BlackElo "2283"]
[PlyCount "74"]
[EventDate "2010.03.13"]
[EventType "swiss"]
[EventRounds "9"]
[EventCountry "RUS"]
[SourceTitle "EXT 2022"]
[Source "ChessBase"]
[SourceDate "2021.10.06"]
[SourceVersion "1"]
[SourceVersionDate "2021.10.06"]
[SourceQuality "1"]

1. d4 Nf6 2. Nf3 d5 3. c4 c6 4. e3 a6 5. Bd3 b5 6. b3 Bg4 7. h3 Bxf3 8. Qxf3 e6 9. 0-0 Be7 10. Ba3 Bxa3 11. Nxa3 0-0 12. Rfd1 Qd6 13. Nc2 Nbd7 14. a4 bxc4 15. bxc4 a5 16. Rdb1 Rfb8 17. Qd1 dxc4 18. Bxc4 Nb6 19. Na3 Nbd5 20. Bxd5 exd5 21. Nc2 Ne4 22. Qd3 Qc7 23. Ne1 Nd6 24. Rxb8+ Rxb8 25. Rb1 Nc4 26. Qc2 Rxb1 27. Qxb1 Qb6 28. Qf5 g6 29. Qc8+ Kg7 30. Nf3 h6 31. Qe8 Qc7 32. g3 Qd6 33. Kg2 Qf6 34. g4 Nb2 35. Ne5 Nd1 36. Nd3 Nc3 37. Ne5 Nd1 1/2-1/2

[Event "Moscow op-B"]
[Site "Moscow"]
[Date "2010.02.07"]
[Round "9.21"]
[White "Zuykov, Andrei V"]
[Black "Kuznetsov, Mikhail V"]
[Result "1-0"]
[WhiteElo "2289"]
[BlackElo "2196"]
[PlyCount "75"]
[EventDate "2010.01.30"]
[EventType "swiss"]
[EventRounds "9"]
[EventCountry "RUS"]
[SourceTitle "EXT 2023"]
[Source "ChessBase"]
[SourceDate "2022.10.05"]
[SourceVersion "1"]
[SourceVersionDate "2022.10.05"]
[SourceQuality "1"]

1. e4 c5 2. Nf3 Nf6 3. Nc3 d5 4. exd5 Nxd5 5. Bc4 e6 6. 0-0 Be7 7. d4 Nxc3 8. bxc3 0-0 9. Qe2 Nc6 10. Qe4 Qa5 11. Bd2 g6 12. Rab1 a6 13. Bd3 Qa4 14. Qf4 Ra7 15. Ng5 cxd4 16. Qh4 h5 17. c4 Qa3 18. g4 Ne5 19. Qg3 Nxg4 20. Ne4 f5 21. Rb3 Qa4 22. h3 fxe4 23. Bxe4 Qxc4 24. hxg4 h4 25. Qg2 Kg7 26. Re1 Bd6 27. Rh3 Bb4 28. Bd3 Qc5 29. Qe4 Rf6 30. Bxb4 Qxb4 31. Qe5 g5 32. Qxg5+ Kf7 33. Re5 Qb1+ 34. Kg2 Bd7 35. Rxh4 Bc6+ 36. Be4 Rxf2+ 37. Kxf2 Qxc2+ 38. Bxc2 1-0

[Event "Uljanovsk Privolje op"]
[Site "Uljanovsk"]
[Date "2009.02.05"]
[Round "9"]
[White "Zuykov, Andrei V"]
[Black "Lukyanov, Artiom"]
[Result "1-0"]
[WhiteElo "2320"]
[BlackElo "2079"]
[PlyCount "61"]
[EventDate "2009.01.31"]
[EventType "swiss"]
[EventRounds "9"]
[EventCountry "RUS"]
[SourceTitle "EXT 2022"]
[Source "ChessBase"]
[SourceDate "2021.10.06"]
[SourceVersion "1"]
[SourceVersionDate "2021.10.06"]
[SourceQuality "1"]

1. e4 c5 2. Nf3 d6 3. d4 cxd4 4. Nxd4 Nf6 5. Nc3 a6 6. Bc4 e6 7. Bb3 Be7 8. 0-0 0-0 9. f4 Qc7 10. f5 e5 11. Nde2 b5 12. Bg5 Nbd7 13. Bxf6 Nxf6 14. Ng3 Bb7 15. Nh5 Rac8 16. a3 Qc5+ 17. Kh1 a5 18. Nxf6+ Bxf6 19. Bd5 Ba6 20. Rf3 Rb8 21. b4 Qb6 22. Rd3 Rfd8 23. Qh5 Rd7 24. Rf1 axb4 25. axb4 Rc7 26. g4 h6 27. h4 Rbc8 28. g5 hxg5 29. hxg5 Bd8 30. f6 Qa7 31. Rh3 1-0

[Event "Uljanovsk Privolje op"]
[Site "Uljanovsk"]
[Date "2009.01.31"]
[Round "1"]
[White "Kalugin, Yury"]
[Black "Zuykov, Andrei V"]
[Result "0-1"]
[WhiteElo "1984"]
[BlackElo "2320"]
[PlyCount "64"]
[EventDate "2009.01.31"]
[EventType "swiss"]
[EventRounds "9"]
[EventCountry "RUS"]
[SourceTitle "EXT 2022"]
[Source "ChessBase"]
[SourceDate "2021.10.06"]
[SourceVersion "1"]
[SourceVersionDate "2021.10.06"]
[SourceQuality "1"]

1. e4 c5 2. Nf3 d6 3. d4 cxd4 4. Nxd4 Nf6 5. Nc3 a6 6. Bg5 e6 7. f4 Be7 8. Qf3 Qc7 9. 0-0-0 Nbd7 10. Bd3 h6 11. Bh4 g5 12. fxg5 Ne5 13. Qe2 Nfg4 14. h3 hxg5 15. Bg3 Nxd3+ 16. Rxd3 Ne5 17. Rdd1 Bd7 18. Rhf1 0-0-0 19. Nf5 Bf8 20. Ne3 Rh7 21. Rf2 Bc6 22. Kb1 b5 23. Rdf1 b4 24. Ncd1 Bb5 25. Qd2 Bxf1 26. Nxf1 g4 27. Qxb4 gxh3 28. gxh3 Rxh3 29. Nde3 Bh6 30. Bf4 Bxf4 31. Rxf4 Qc5 32. Qb3 Rd7 0-1

[Event "Nizhnij Novgorod Region-ch op"]
[Site "Nizhnij Novgorod"]
[Date "2008.10.??"]
[Round "9"]
[White "Skomorokhin, Roman"]
[Black "Zuykov, Andrei V"]
[Result "1/2-1/2"]
[WhiteElo "2400"]
[BlackElo "2318"]
[PlyCount "66"]
[EventDate "2008.10.04"]
[EventType "swiss"]
[EventRounds "9"]
[EventCountry "RUS"]
[SourceTitle "EXT 2022"]
[Source "ChessBase"]
[SourceDate "2021.10.06"]
[SourceVersion "1"]
[SourceVersionDate "2021.10.06"]
[SourceQuality "1"]

1. d4 Nf6 2. Bg5 e6 3. Nd2 c5 4. e3 d6 5. Ngf3 Be7 6. Bd3 0-0 7. 0-0 Nbd7 8. c3 b6 9. a4 a6 10. a5 b5 11. c4 b4 12. Bf4 Bb7 13. Qc2 h6 14. h3 Re8 15. Rfd1 Qc7 16. Bh2 Rad8 17. Be2 Qc8 18. Qb3 Bf8 19. Rac1 e5 20. d5 g6 21. e4 Bg7 22. Kh1 h5 23. Qe3 Qc7 24. Ra1 Bc8 25. Ne1 Nf8 26. Nd3 Qe7 27. Rg1 N6h7 28. Nb3 Nd7 29. Rgf1 Qf8 30. f3 f5 31. g4 Bh6 32. Qg1 Kh8 33. h4 f4 1/2-1/2

[Event "Nizhnij Novgorod Region-ch op"]
[Site "Nizhnij Novgorod"]
[Date "2008.10.??"]
[Round "8"]
[White "Zuykov, Andrei V"]
[Black "Teverovsky, Alexander"]
[Result "1-0"]
[WhiteElo "2318"]
[BlackElo "2165"]
[PlyCount "77"]
[EventDate "2008.10.04"]
[EventType "swiss"]
[EventRounds "9"]
[EventCountry "RUS"]
[SourceTitle "EXT 2022"]
[Source "ChessBase"]
[SourceDate "2021.10.06"]
[SourceVersion "1"]
[SourceVersionDate "2021.10.06"]
[SourceQuality "1"]

1. e4 c5 2. Nf3 Nc6 3. d4 cxd4 4. Nxd4 g6 5. c4 Nf6 6. Nc3 Nxd4 7. Qxd4 d6 8. Be3 Bg7 9. f3 0-0 10. Qd2 Be6 11. Rc1 a6 12. b3 Rc8 13. Be2 Qa5 14. 0-0 Rfe8 15. Rfd1 Nd7 16. Bd4 Bxd4+ 17. Qxd4 Qc5 18. Qxc5 Nxc5 19. Kf2 g5 20. h4 h6 21. Rh1 Kg7 22. g3 Rh8 23. Ke3 a5 24. f4 f6 25. Nd5 Bxd5 26. cxd5 gxf4+ 27. gxf4 f5 28. e5 Rhd8 29. Rhg1+ Kf8 30. e6 Na6 31. Bc4 Nb4 32. a4 Rc5 33. Rcd1 Rdc8 34. Rg6 Nc2+ 35. Kd3 Nb4+ 36. Ke2 Rxc4 37. bxc4 Rxc4 38. Rdg1 Rc2+ 39. Kd1 1-0

[Event "Nizhnij Novgorod-ch 60th"]
[Site "Nizhnij Novgorod"]
[Date "2008.03.??"]
[Round "?"]
[White "Bojarinov, Victor A"]
[Black "Zuykov, Andrei V"]
[Result "1/2-1/2"]
[WhiteElo "2299"]
[BlackElo "2280"]
[PlyCount "66"]
[EventDate "2008.03.??"]
[EventType "swiss"]
[EventRounds "9"]
[EventCountry "RUS"]
[SourceTitle "EXT 2010"]
[Source "ChessBase"]
[SourceDate "2010.11.25"]
[SourceVersion "1"]
[SourceVersionDate "2010.11.25"]
[SourceQuality "1"]

1. e4 c5 2. Nf3 d6 3. Bb5+ Bd7 4. a4 Nf6 5. e5 dxe5 6. Nxe5 a6 7. Nxd7 Nbxd7 8. Be2 Qc7 9. Na3 e6 10. 0-0 Be7 11. Nc4 0-0 12. Bf3 Nd5 13. d3 b5 14. axb5 axb5 15. Rxa8 Rxa8 16. Bxd5 exd5 17. Ne3 Nb6 18. Qf3 Rd8 19. Nf5 Bf8 20. Re1 Qd7 21. Bd2 Re8 22. Ra1 b4 23. b3 Re6 24. h3 h6 25. Ra6 Qb7 26. Ra5 Qc7 27. Bf4 Qb7 28. Be3 Qc7 29. Ra6 Qb7 30. Ra1 Kh7 31. h4 Rf6 32. Qh3 Qd7 33. Ra6 Qb7 1/2-1/2

[Event "Nizhnij Novgorod-ch 60th"]
[Site "Nizhnij Novgorod"]
[Date "2008.03.??"]
[Round "?"]
[White "Rakov, Anatoly"]
[Black "Zuykov, Andrei V"]
[Result "0-1"]
[WhiteElo "2074"]
[BlackElo "2280"]
[PlyCount "72"]
[EventDate "2008.03.??"]
[EventType "swiss"]
[EventRounds "9"]
[EventCountry "RUS"]
[SourceTitle "EXT 2010"]
[Source "ChessBase"]
[SourceDate "2010.11.25"]
[SourceVersion "1"]
[SourceVersionDate "2010.11.25"]
[SourceQuality "1"]

1. e4 c5 2. Nf3 d6 3. c4 Nf6 4. Nc3 e6 5. d4 cxd4 6. Nxd4 a6 7. Be2 Be7 8. 0-0 0-0 9. Be3 b6 10. Qd2 Bb7 11. f3 Nbd7 12. Rac1 Rc8 13. Kh1 Qc7 14. Rfd1 Qb8 15. Bg1 Bd8 16. Bf1 Bc7 17. Qf2 Kh8 18. Re1 Rg8 19. f4 Nc5 20. Qh4 Ncxe4 21. Re3 Nxc3 22. Rcxc3 d5 23. Rh3 Bxf4 24. Bd3 h6 25. Be3 Bxe3 26. Rxe3 dxc4 27. Bc2 Rgd8 28. Rg3 Qe5 29. Rxg7 Kxg7 30. Rg3+ Kf8 31. Nxe6+ Qxe6 32. Qxh6+ Ke7 33. Re3 Be4 34. Qh4 Rd4 35. Qe1 Kf8 36. Qh4 Bxg2+ 0-1